Sesiones de la Cámara de Diputados en 1881
Сохранить в:
| Соавтор: | |
|---|---|
| Формат: | |
| Язык: | испанский |
| Опубликовано: |
Santiago
Imprenta Nacional
1881
|
| Предметы: | |
| Метки: |
Добавить метку
Нет меток, Требуется 1-ая метка записи!
|
MARC
| LEADER | 00000nam a2200000 a 4500 | ||
|---|---|---|---|
| 001 | UCI6355 | ||
| 003 | CL-VaPUC | ||
| 008 | 080430e18810000CL |||||||||||||||||spa|d | ||
| 082 | 0 | 4 | |a 328.35 |b CAM |2 21 |
| 110 | 2 | |a Cámara de Diputados |e author |9 529210 | |
| 245 | 1 | 0 | |a Sesiones de la Cámara de Diputados en 1881 |
| 300 | |a pág. irreg | ||
| 942 | |c BK | ||
| 945 | |d 20080430 00:00:00 |a cmena | ||
| 260 | |a Santiago |b Imprenta Nacional |c 1881 | ||
| 500 | |a Incluye: | ||
| 500 | |a Sesiones Estraordinarias de la Cámara de Diputados en 1881 | ||
| 650 | 7 | |a DERECHO CHILENO |2 CL-VaPUC |9 529211 | |
| 650 | 0 | |a Fuentes Históricas |9 265141 | |
| 650 | 0 | |a Jurisprudencia |9 255952 | |
| 650 | 7 | |a SESIONES PARLAMENTARIAS |2 CL-VaPUC |9 404513 | |
| 651 | 7 | |a CHILE |2 CL-VaPUC |9 529212 | |
| 583 | |a last modification |c 20080430 00:00:00 |k Rodrigo Vera | ||
| 999 | |c 329874 |d 329872 | ||
| 952 | |0 0 |1 0 |4 0 |6 328_350000000000000_CAM_1881 |7 0 |8 X |9 415017 |a BIBHIS |b BIBHIS |d 2019-11-22 |i 4436180 |o 328.35 CAM 1881 |p 4436180 |r 2024-01-30 |w 2019-11-22 |y BK_X |k HIS | ||